00375 a2200133 4500003000500000005001700005040000900022082001100031245002700042440002700069538002100096999001900117952010500136Nust20170207154229.0 cNust a371.33 aLt Col Zafar (VHS-235) aLt Col Zafar (VHS-235) aDuration 90 Mins c195772d195772 00102ddc40708NFICaMCSbMCSd2016-12-12l0o371.33 ZAFpMCSVHS-235r2016-12-08w2016-12-12yBK